| 000 | 00514nam a2200217Ia 4500 | ||
|---|---|---|---|
| 008 | 170203s9999 xx 000 0 und d | ||
| 020 | _a0-710502257 | ||
| 050 | _aFic | ||
| 050 | _bC774w | ||
| 100 | _aCoolidge, Susan. | ||
| 245 | _aWhat Katy did next / | ||
| 245 | _cSusan M. Coolidge. | ||
| 260 | _aBridlington, Eng. : | ||
| 260 | _bPeter Haddock, | ||
| 300 | _a190 pages ; | ||
| 300 | _c20 cm. | ||
| 440 | _aPriory classics. | ||
| 650 | _aEurope -- | ||
| 650 | _aEurope. | ||
| 650 | _xFiction. | ||
| 999 |
_c306668 _d306668 |
||